[Event "Young Stars of the World"]
[Site "Kirishi RUS"]
[Date "2009.05.18"]
[Round "9"]
[White "Daniil Dubov"]
[Black "Aleksandr Shimanov"]
[Result "1/2-1/2"]
[EventDate "2009.05.09"]
[WhiteElo "2372"]
[BlackElo "2519"]
[PlyCount "184"]

1. e4 c6 2. Nc3 d5 3. Nf3 Bg4 4. Be2 e6 5. O-O Nf6 6. Ne5 Bxe2 7. Qxe2 Be7 8. d3 O-O 9. Bf4 Nbd7 10. Rad1 Re8 11. Nxd7 Nxd7 12. d4 Qb6 13. Bc1 Rad8 14. Qf3 Bf6 15. e5 Be7 16. Rfe1 c5 17. dxc5 Nxc5 18. Ne2 Ne4 19. Ng3 Nxg3 20. hxg3 Rc8 21. Re2 Qa6 22. a3 Rc4 23. Qd3 Rec8 24. Be3 Qc6 25. Rdd2 a5 26. Kf1 b5 27. Bd4 Bc5 28. Bxc5 Qxc5 29. f3 h5 30. Rf2 Qe7 31. Qe3 Qd7 32. Qd3 Qc7 33. Rfe2 Qc5 34. Rf2 Ra4 35. Rfe2 Qc6 36. Qb3 Rc4 37. Qd3 Rb8 38. Re3 Rc5 39. Ree2 b4 40. axb4 Rxb4 41. c3 Rb3 42. Kg1 a4 43. Qd4 Rc4 44. Qa7 a3 45. bxa3 Ra4 46. Qe3 Rxc3 47. Qg5 Rc1+ 48. Kh2 Qc5 49. Rf2 Rxa3 50. Rb2 Qc8 51. g4 hxg4 52. Qxg4 Rc4 53. f4 Raa4 54. Rf3 Rc2 55. Rg3 g6 56. Rxc2 Qxc2 57. Qh4 Qf5 58. Rg4 Kg7 59. Qg3 Ra1 60. Qh4 Ra8 61. Qg3 d4 62. Rh4 d3 63. Qe3 Ra4 64. Kg3 Re4 65. Qxd3 Rxf4 66. Qxf5 Rxf5 67. Re4 Kh6 68. Rh4+ Kg7 69. Re4 Kf8 70. Kh4 Rh5+ 71. Kg4 Ke7 72. g3 Kd7 73. Rd4+ Ke7 74. Re4 Rf5 75. Kh4 Rf3 76. Kg4 Rf1 77. Kg5 Rf5+ 78. Kh4 Kf8 79. g4 Rf1 80. Kg5 Kg7 81. Re2 Ra1 82. Re3 Ra5 83. Kf4 Kf8 84. Re4 Ke7 85. Kg5 Rxe5+ 86. Rxe5 f6+ 87. Kxg6 fxe5 88. Kg5 Kd6 89. Kh4 e4 90. Kg3 Ke5 91. g5 Kf5 92. g6 1/2-1/2

[Event "Young Stars of the World"]
[Site "Kirishi RUS"]
[Date "2009.05.17"]
[Round "8"]
[White "Andrey Stukopin"]
[Black "Daniil Dubov"]
[Result "0-1"]
[EventDate "2009.05.09"]
[WhiteElo "2380"]
[BlackElo "2372"]
[PlyCount "90"]

1. e4 c5 2. Nc3 Nc6 3. g3 g6 4. d3 Bg7 5. Be3 d6 6. Qd2 Nd4 7. Nd1 e5 8. c3 Nc6 9. Bg2 Be6 10. Ne2 Nge7 11. O-O O-O 12. f4 Qd7 13. d4 cxd4 14. cxd4 exf4 15. Nxf4 Bc4 16. Re1 Rae8 17. d5 Ne5 18. Bxa7 Ra8 19. Bd4 Rxa2 20. Rxa2 Bxa2 21. Ne3 Qa4 22. Bc3 Bc4 23. Rc1 Ba6 24. Bb4 Rd8 25. h4 h5 26. Ba3 Bh6 27. Rc7 Qe8 28. Qc3 Nc8 29. Bh3 Bg7 30. Qc2 Na7 31. Kf2 Nb5 32. Rc8 Nxa3 33. bxa3 b5 34. Rc6 Ra8 35. Rxd6 Bf8 36. Rb6 Qd8 37. Rc6 Bxa3 38. Rc3 Bd6 39. Qb3 b4 40. Rc2 Qb6 41. Ra2 Bc5 42. d6 Qxd6 43. Nd5 Nd3+ 44. Kg2 Bxe3 45. Nxe3 Nc1 0-1

[Event "Young Stars of the World"]
[Site "Kirishi RUS"]
[Date "2009.05.16"]
[Round "7"]
[White "Daniil Dubov"]
[Black "Chan Yi Ren, Daniel"]
[Result "1-0"]
[EventDate "2009.05.09"]
[WhiteElo "2372"]
[BlackElo "2375"]
[PlyCount "80"]

1. e4 e5 2. Nf3 Nc6 3. Bc4 Nf6 4. d3 Be7 5. O-O d6 6. c3 O-O 7. Bb3 Be6 8. Nbd2 Re8 9. Ng5 Bf8 10. Nxe6 fxe6 11. Qe2 Kh8 12. Nf3 Qd7 13. a3 d5 14. Rd1 Rad8 15. Bc2 Kg8 16. Bg5 Qf7 17. Ba4 Qh5 18. Bh4 Bd6 19. Re1 Rf8 20. Bg3 Rde8 21. Bxc6 bxc6 22. Nxe5 Qh6 23. Nxc6 Bxg3 24. hxg3 Qg5 25. e5 Ng4 26. f3 Nh6 27. g4 Nf7 28. Qe3 Qg6 29. Kf2 Nh6 30. Ke2 Rf7 31. Rad1 Ref8 32. Kd2 Kh8 33. Kc1 Rf4 34. d4 Qe8 35. Nb4 Qb5 36. Qe2 Qb6 37. Nd3 R4f7 38. Nc5 Nxg4 39. fxg4 Rf2 40. Rf1 1-0

[Event "Young Stars of the World"]
[Site "Kirishi RUS"]
[Date "2009.05.13"]
[Round "5"]
[White "Daniil Dubov"]
[Black "Ivan Bukavshin"]
[Result "1/2-1/2"]
[EventDate "2009.05.09"]
[WhiteElo "2372"]
[BlackElo "2365"]
[PlyCount "40"]

1. e4 c6 2. Nc3 d5 3. Nf3 Bg4 4. h3 Bxf3 5. Qxf3 e6 6. d3 Nf6 7. g3 Bb4 8. Bd2 Qb6 9. O-O-O Nbd7 10. Qe2 Nc5 11. exd5 cxd5 12. d4 Ncd7 13. Qb5 a6 14. Qxb6 Nxb6 15. Bd3 Rc8 16. Ne2 Bxd2+ 17. Kxd2 Nc4+ 18. Bxc4 Rxc4 19. f3 Ke7 20. c3 Rhc8 1/2-1/2

[Event "Young Stars of the World"]
[Site "Kirishi RUS"]
[Date "2009.05.11"]
[Round "3"]
[White "Daniil Dubov"]
[Black "Vladimir Fedoseev"]
[Result "1-0"]
[EventDate "?"]
[WhiteElo "2372"]
[BlackElo "2318"]
[PlyCount "78"]

1. e4 c6 2. d4 d5 3. e5 Bf5 4. Nd2 e6 5. Nb3 Nd7 6. Nf3 a6 7. Be2 c5 8. dxc5 Nxc5 9. Nfd4 Bg6 10. O-O Rc8 11. Be3 Nh6 12. c4 dxc4 13. Bxc4 Nd7 14. Qe2 b5 15. Nxb5 Nxe5 16. Rfd1 Qh4 17. Bxh6 Nxc4 18. Na7 Rc7 19. Rd4 Qh5 20. g4 Qe5 21. Qf3 Rxa7 22. Qc6+ Ke7 23. Bf4 Qb5 24. Qc8 e5 25. Rxc4 exf4 26. Re1+ Kf6 27. h4 Be4 28. Rcxe4 Kg6 29. Re6+ f6 30. Nd4 Qd3 31. Qe8+ Rf7 32. h5+ Kg5 33. Qxf7 Qxd4 34. R6e4 Qd2 35. Qe6 Bd6 36. Qf5+ Kh4 37. Kg2 f3+ 38. Qxf3 Kg5 39. Rd1 1-0

[Event "Young Stars of the World"]
[Site "Kirishi RUS"]
[Date "2009.05.10"]
[Round "2"]
[White "Srinath Narayanan"]
[Black "Daniil Dubov"]
[Result "1-0"]
[EventDate "2009.05.09"]
[WhiteElo "2381"]
[BlackElo "2372"]
[PlyCount "76"]

1. e4 c5 2. Nf3 d6 3. d4 cxd4 4. Nxd4 Nf6 5. Nc3 Nc6 6. Bg5 e6 7. Qd2 a6 8. O-O-O Bd7 9. f3 Qc7 10. Kb1 Be7 11. h4 h6 12. Be3 h5 13. Bg5 Ne5 14. f4 Neg4 15. Qe1 b5 16. Bd3 b4 17. Nce2 a5 18. Ng3 Qb6 19. e5 Qxd4 20. Be4 Qa7 21. Bxa8 Qxa8 22. exf6 gxf6 23. Qe2 fxg5 24. hxg5 f5 25. gxf6 Nxf6 26. Nxh5 Nxh5 27. Rxh5 Rg8 28. g4 a4 29. f5 b3 30. fxe6 bxc2+ 31. Qxc2 Bc6 32. Re1 Kd8 33. a3 Be8 34. Rc1 Qb7 35. Rh7 Rg6 36. Qf5 Qb6 37. Rh8 Rg7 38. Rxe8+ 1-0

[Event "Young Stars of the World"]
[Site "Kirishi RUS"]
[Date "2009.05.09"]
[Round "1"]
[White "Daniil Dubov"]
[Black "Vladislav Kovalev"]
[Result "1/2-1/2"]
[EventDate "2009.05.09"]
[WhiteElo "2372"]
[BlackElo "2320"]
[PlyCount "46"]

1. e4 c5 2. Nf3 Nc6 3. Nc3 e5 4. Bc4 d6 5. O-O Be7 6. d3 Nf6 7. h3 O-O 8. a3 h6 9. Rb1 a6 10. Ba2 b5 11. b4 Be6 12. Nd5 c4 13. Nxf6+ Bxf6 14. dxc4 bxc4 15. Be3 Rc8 16. Nd2 Ne7 17. Qe2 Qd7 18. Rfe1 Qc6 19. c3 Bg5 20. Bxg5 hxg5 21. a4 Qxa4 22. Bxc4 Bxc4 23. Nxc4 Qc6 1/2-1/2

[Event "Moscow Open 2009 A"]
[Site "Moscow RUS"]
[Date "2009.02.05"]
[Round "6.74"]
[White "Artem Chernobay"]
[Black "Daniil Dubov"]
[Result "1-0"]
[EventDate "2009.01.31"]
[WhiteElo "2414"]
[BlackElo "2308"]
[PlyCount "44"]

1. e4 e5 2. Nf3 Nc6 3. d4 exd4 4. Nxd4 Nf6 5. Nc3 d6 6. Be3 Ng4 7. Bg5 h6 8. Bh4 g5 9. Bg3 Bg7 10. Nb3 Be6 11. Qd2 Rc8 12. Be2 Nge5 13. Nd5 a5 14. a4 h5 15. h4 gxh4 16. Rxh4 Ng6 17. Rxh5 Bxb2 18. Rb1 Bg7 19. Rxh8+ Nxh8 20. Kf1 Kf8 21. Nf4 Bxb3 22. cxb3 1-0

[Event "Moscow Open 2009 A"]
[Site "Moscow RUS"]
[Date "2009.02.03"]
[Round "4.67"]
[White "Alexei Bezgodov"]
[Black "Daniil Dubov"]
[Result "1-0"]
[EventDate "2009.01.31"]
[WhiteElo "2475"]
[BlackElo "2308"]
[PlyCount "54"]

1. e4 c5 2. Nf3 d6 3. c3 Nf6 4. Bd3 g6 5. Bc2 Bg7 6. d4 cxd4 7. cxd4 O-O 8. h3 Nc6 9. O-O e5 10. d5 Nb4 11. Bb3 Nxe4 12. Qe1 a5 13. Qxe4 Bf5 14. Qe3 a4 15. Bd2 axb3 16. Bxb4 Rxa2 17. Nbd2 Rxb2 18. Nxb3 Qd7 19. Nfd2 Rc8 20. Rfc1 Rxc1+ 21. Rxc1 Qb5 22. Ba3 Ra2 23. Bxd6 Qxd5 24. Qc5 Rxd2 25. Nxd2 Qxd2 26. Ra1 h5 27. Bxe5 1-0

[Event "Moscow Open 2009 A"]
[Site "Moscow RUS"]
[Date "2009.02.02"]
[Round "3.106"]
[White "Daniil Dubov"]
[Black "Elmir Guseinov"]
[Result "1-0"]
[EventDate "2009.01.31"]
[WhiteElo "2308"]
[BlackElo "2439"]
[PlyCount "52"]

1. e4 d6 2. d4 g6 3. Nc3 c6 4. f4 d5 5. Nf3 dxe4 6. Nxe4 Bg4 7. Bc4 e6 8. c3 Nf6 9. Neg5 Bxf3 10. Qxf3 h6 11. Nh3 Nd5 12. O-O Bg7 13. Nf2 Nd7 14. Re1 Ne7 15. Ne4 Nf6 16. Nc5 b6 17. Nd3 O-O 18. Ne5 Qc7 19. Be3 Rad8 20. Rad1 Nd7 21. Be2 Nxe5 22. dxe5 Rxd1 23. Rxd1 Rd8 24. Kf1 Bf8 25. Ke1 Nd5 26. c4 Ne7 1-0

[Event "Moscow Open 2009 A"]
[Site "Moscow RUS"]
[Date "2009.02.01"]
[Round "2.86"]
[White "Sergei Yudin"]
[Black "Daniil Dubov"]
[Result "1-0"]
[EventDate "2009.01.31"]
[WhiteElo "2562"]
[BlackElo "2308"]
[PlyCount "54"]

1. d4 d5 2. c4 e6 3. Nf3 c6 4. Nbd2 Nf6 5. g3 c5 6. Bg2 Nc6 7. O-O cxd4 8. cxd5 Nxd5 9. Nb3 Be7 10. Nfxd4 Nxd4 11. Nxd4 O-O 12. Qb3 Bf6 13. Rd1 Qa5 14. e4 Bxd4 15. Rxd4 Nf6 16. Bd2 Qh5 17. Bc3 e5 18. Rd6 b6 19. Qb5 Bh3 20. f3 Bxg2 21. Kxg2 Rfe8 22. a4 Rab8 23. a5 bxa5 24. Qd3 Rb6 25. Rd8 Re6 26. Rxa5 g5 27. Rxe5 Rxe5 1-0

[Event "Moscow Open 2009 A"]
[Site "Moscow RUS"]
[Date "2009.01.31"]
[Round "1.101"]
[White "Daniil Dubov"]
[Black "David Gershkowich"]
[Result "1/2-1/2"]
[EventDate "2009.01.31"]
[WhiteElo "2308"]
[BlackElo "2360"]
[PlyCount "78"]

1. e4 c5 2. Nf3 d6 3. d4 cxd4 4. Nxd4 Nf6 5. Nc3 g6 6. Be3 Bg7 7. f3 Nc6 8. Qd2 O-O 9. O-O-O d5 10. Kb1 Nxd4 11. e5 Nf5 12. exf6 Bxf6 13. Nxd5 Qxd5 14. Qxd5 Nxe3 15. Qd2 Nxd1 16. Qxd1 Bf5 17. Bc4 b5 18. Bb3 a5 19. g4 Rfd8 20. Qc1 Bd7 21. Qf4 g5 22. Qe3 Bc6 23. h4 a4 24. Be6 gxh4 25. Bf5 e6 26. Bd3 a3 27. Qf4 Kg7 28. g5 Bxb2 29. Rxh4 Rxd3 30. cxd3 Ra4 31. d4 Rc4 32. g6 Rc1+ 33. Qxc1 Bxc1 34. gxh7 Kh8 35. Kxc1 Bxf3 36. Rh3 Bd5 37. Rxa3 Kxh7 38. Kd2 b4 39. Ra4 Kg6 1/2-1/2

[Event "EU-ch U12 18th"]
[Site "Herceg Novi MNE"]
[Date "2008.09.24"]
[Round "9.1"]
[White "Daniil Dubov"]
[Black "Olexandr Bortnyk"]
[Result "0-1"]
[EventDate "2008.09.15"]
[WhiteElo "2237"]
[BlackElo "2189"]
[PlyCount "68"]

1. e4 c5 2. c3 Nf6 3. e5 Nd5 4. d4 cxd4 5. Qxd4 e6 6. Nf3 Nc6 7. Qe4 d6 8. Nbd2 f5 9. Qe2 dxe5 10. Nxe5 Bd6 11. Ndc4 Nxe5 12. Nxe5 O-O 13. Bd2 b5 14. O-O-O Qc7 15. Nf3 b4 16. c4 Nf4 17. Bxf4 Bxf4+ 18. Kb1 Rd8 19. Rxd8+ Qxd8 20. g3 Bc7 21. Bg2 Rb8 22. Re1 Rb6 23. Ne5 Bxe5 24. Qxe5 Qd3+ 25. Ka1 Qxc4 26. Bf1 Qc2 27. Qf4 Rc6 28. Rb1 b3 29. a3 h6 30. Qa4 Rd6 31. Qe8+ Kh7 32. Qh5 Bb7 33. Qe2 Rd2 34. Qc4 Rd1 0-1

[Event "EU-ch U12 18th"]
[Site "Herceg Novi MNE"]
[Date "2008.09.23"]
[Round "8.1"]
[White "Kamil Tomsia"]
[Black "Daniil Dubov"]
[Result "1/2-1/2"]
[EventDate "2008.09.15"]
[WhiteElo "2075"]
[BlackElo "2237"]
[PlyCount "61"]

1. d4 d5 2. c4 e6 3. Nc3 c6 4. e3 Nf6 5. Bd2 Nbd7 6. Rc1 Bd6 7. c5 Bc7 8. f4 O-O 9. Bd3 b6 10. b4 a5 11. a3 axb4 12. axb4 bxc5 13. bxc5 Ba6 14. Bxa6 Rxa6 15. Nf3 Ba5 16. Qe2 Qa8 17. O-O Bxc3 18. Bxc3 Ne4 19. Ra1 Rxa1 20. Rxa1 Nxc3 21. Qb2 Na4 22. Qc2 Rb8 23. Rxa4 Qb7 24. Nd2 Qb5 25. Kf2 Nf6 26. Kf3 h5 27. h3 g6 28. Ra1 Qb2 29. Ra2 Qb5 30. Ra1 Qb2 31. Ra2 1/2-1/2

[Event "EU-ch U12 18th"]
[Site "Herceg Novi MNE"]
[Date "2008.09.22"]
[Round "7.1"]
[White "Jaime Santos Latasa"]
[Black "Daniil Dubov"]
[Result "0-1"]
[EventDate "2008.09.15"]
[WhiteElo "2052"]
[BlackElo "2237"]
[PlyCount "70"]

1. d4 d5 2. c4 e6 3. Nf3 c6 4. e3 Nf6 5. Nbd2 c5 6. cxd5 exd5 7. dxc5 Bxc5 8. Nb3 Bb6 9. Be2 O-O 10. O-O Nc6 11. Nbd4 Bg4 12. b3 Nxd4 13. Nxd4 Bxd4 14. exd4 Bxe2 15. Qxe2 Qb6 16. Qd3 Rfe8 17. Bb2 Qe6 18. f3 h6 19. Kf2 Qd6 20. g3 Re6 21. Rfe1 Rae8 22. Rxe6 Qxe6 23. Bc3 Qh3 24. Kg1 h5 25. Re1 Rc8 26. Rd1 h4 27. g4 Nxg4 28. fxg4 Qxg4+ 29. Kf2 h3 30. Rg1 Qf4+ 31. Ke1 Qc1+ 32. Kf2 Qxc3 33. Qxc3 Rxc3 34. Rg5 Rc2+ 35. Kg3 Rg2+ 0-1

[Event "EU-ch U12 18th"]
[Site "Herceg Novi MNE"]
[Date "2008.09.18"]
[Round "4.2"]
[White "Avital Boruchovsky"]
[Black "Daniil Dubov"]
[Result "0-1"]
[EventDate "2008.09.15"]
[WhiteElo "1989"]
[BlackElo "2237"]
[PlyCount "90"]

1. e4 c5 2. c3 e5 3. Nf3 Nc6 4. Bc4 Nf6 5. Ng5 d5 6. exd5 Nxd5 7. Qf3 Qxg5 8. Bxd5 Qg6 9. O-O Bd7 10. Na3 Bd6 11. Nc4 Bc7 12. Qe3 O-O 13. Qxc5 e4 14. Qe3 Qh5 15. Bxf7+ Rxf7 16. h3 b5 17. Na3 Qe5 18. f4 exf3 19. Qxe5 Nxe5 20. d4 fxg2 21. Rxf7 Nxf7 22. Kxg2 Re8 23. Kf2 Nd6 24. Be3 Ne4+ 25. Ke2 Bd6 26. Rg1 Bxa3 27. bxa3 Nxc3+ 28. Kd3 Nd5 29. Bh6 g6 30. Rg5 Bf5+ 31. Kd2 Re4 32. Rg3 Rxd4+ 33. Kc1 Rd3 34. Rg2 Rxh3 35. Bg5 Rxa3 36. Rd2 Rc3+ 37. Kb2 Rd3 38. Re2 Kf7 39. Rh2 h5 40. Rf2 Nb6 41. Rf1 Nc4+ 42. Ka1 Rd7 43. Re1 a5 44. Rc1 Na3 45. Re1 b4 0-1

[Event "EU-ch U12 18th"]
[Site "Herceg Novi MNE"]
[Date "2008.09.17"]
[Round "3.2"]
[White "Daniil Dubov"]
[Black "Mikhail Bryakin"]
[Result "1-0"]
[EventDate "2008.09.15"]
[WhiteElo "2237"]
[BlackElo "1939"]
[PlyCount "107"]

1. e4 c6 2. d4 d5 3. e5 Bf5 4. Nd2 e6 5. Nb3 Nd7 6. Nf3 h6 7. Be2 Ne7 8. O-O Bh7 9. Bd2 Nf5 10. Rc1 Be7 11. g4 Nh4 12. Nxh4 Bxh4 13. f4 a5 14. a4 Be7 15. f5 Bg5 16. fxe6 fxe6 17. c4 Rf8 18. cxd5 exd5 19. Rc3 Bxd2 20. Qxd2 Rxf1+ 21. Bxf1 Qg5 22. Qxg5 hxg5 23. Rh3 Nf8 24. Nc5 b6 25. Nb7 Bg6 26. Rb3 Nd7 27. e6 Nf8 28. Rxb6 Nxe6 29. Rxc6 Ke7 30. Nc5 Bf7 31. Nxe6 Bxe6 32. Rc7+ Kf6 33. h3 Rb8 34. Bb5 Ra8 35. Kg2 Bf7 36. Kg3 Be6 37. Rc6 Ra7 38. Rc1 Ke7 39. h4 gxh4+ 40. Kxh4 Kd6 41. Rc6+ Ke7 42. Kg5 Kf7 43. Kf4 Re7 44. Rc3 g6 45. Kg5 Kg7 46. Re3 Kf7 47. Bd3 Bd7 48. Bxg6+ Kf8 49. Rxe7 Kxe7 50. b3 Bc8 51. Bd3 Be6 52. Bf5 Bf7 53. Kh6 Kf8 54. g5 1-0

[Event "EU-ch U12 18th"]
[Site "Herceg Novi MNE"]
[Date "2008.09.16"]
[Round "2.2"]
[White "Luca Kessler"]
[Black "Daniil Dubov"]
[Result "0-1"]
[EventDate "2008.09.15"]
[WhiteElo "1931"]
[BlackElo "2237"]
[PlyCount "74"]

1. d4 d5 2. c4 e6 3. Nc3 c5 4. cxd5 exd5 5. Nf3 Nc6 6. g3 Nf6 7. Bg2 Be7 8. O-O O-O 9. Be3 Ng4 10. Bf4 Be6 11. h3 Nf6 12. Be3 c4 13. Ne5 Qc8 14. Kh2 Rd8 15. Qd2 Ne8 16. Bf4 Bf6 17. Nxc6 Qxc6 18. e4 dxe4 19. Bxe4 Qd7 20. Qc2 g6 21. Rfd1 Bxh3 22. Ne2 Ng7 23. Qxc4 Bf5 24. Nc3 Rac8 25. Qb4 b6 26. Nd5 Nh5 27. Bg2 Re8 28. Be3 Be4 29. Nc3 Bxg2 30. Kxg2 Rxe3 31. fxe3 Qg4 32. Qd6 Bh4 33. Qe5 Bxg3 34. Qe4 Bf4+ 35. Kf2 Qh4+ 36. Kg2 Qg3+ 37. Kf1 Bxe3 0-1

[Event "EU-ch U12 18th"]
[Site "Herceg Novi MNE"]
[Date "2008.09.15"]
[Round "1.3"]
[White "Daniil Dubov"]
[Black "Oleg Gorbanovsky"]
[Result "1-0"]
[EventDate "2008.09.15"]
[WhiteElo "2237"]
[BlackElo "1770"]
[PlyCount "91"]

1. e4 e5 2. Nf3 Nc6 3. Bc4 Bc5 4. c3 Nf6 5. d3 O-O 6. O-O d6 7. Nbd2 Be6 8. Bb5 a6 9. Ba4 h6 10. h3 b5 11. Bc2 Re8 12. Re1 a5 13. a4 b4 14. Nb3 Bb6 15. Be3 Rb8 16. Rc1 Bxe3 17. Rxe3 bxc3 18. bxc3 Rb6 19. d4 Bxb3 20. Bxb3 Qb8 21. Bc4 Rd8 22. Qe1 exd4 23. cxd4 Nb4 24. d5 Re8 25. Nd4 g6 26. f4 Kg7 27. Bb5 Re7 28. Qc3 Nbxd5 29. exd5 Rxe3 30. Qxe3 Nxd5 31. Qf3 Nf6 32. Qc3 c5 33. Nc6 Qc7 34. Nxa5 d5 35. Qxc5 Qxf4 36. Rf1 Qd6 37. Qxd6 Rxd6 38. Nb3 Ne4 39. a5 Nc3 40. Bd3 Rd7 41. Ra1 f5 42. a6 Ra7 43. Nd4 Ne4 44. Bxe4 fxe4 45. Nb5 Ra8 46. a7 1-0

[Event "17th EU-ch U12 Boys"]
[Site "Sibenik CRO"]
[Date "2007.09.21"]
[Round "8.1"]
[White "Illya Nyzhnyk"]
[Black "Daniil Dubov"]
[Result "1-0"]
[EventDate "?"]
[WhiteElo "2341"]
[BlackElo "2177"]
[PlyCount "93"]

1. e4 c5 2. Nf3 e6 3. c4 Nc6 4. Nc3 Nf6 5. Be2 Qc7 6. O-O a6 7. d4 cxd4 8. Nxd4 Bb4 9. Nxc6 bxc6 10. Qc2 O-O 11. Na4 Qe5 12. Bd3 d5 13. f3 dxe4 14. Bxe4 Nxe4 15. Qxe4 Qxe4 16. fxe4 Bd6 17. Be3 f5 18. Rad1 Bc7 19. Bc5 Re8 20. Bd6 Bxd6 21. Rxd6 fxe4 22. Nc5 e5 23. Nxe4 Rb8 24. b3 a5 25. Nc5 Bg4 26. Re1 Rbc8 27. Re3 Bf5 28. h3 e4 29. g4 Bg6 30. h4 Re5 31. Nd3 Re7 32. h5 Bf7 33. Nf2 a4 34. Rxe4 Rxe4 35. Nxe4 h6 36. Nc5 axb3 37. axb3 Kh7 38. Kf2 g6 39. Ne4 gxh5 40. Rd7 Rf8 41. Nd6 Kg8 42. Rxf7 Rxf7+ 43. Nxf7 Kxf7 44. gxh5 c5 45. Ke3 Ke7 46. Kd3 Kf6 47. Kc3 1-0

[Event "EU-ch U12 17th"]
[Site "Sibenik"]
[Date "2007.09.20"]
[Round "7"]
[White "Irakli Beradze"]
[Black "Daniil Dubov"]
[Result "0-1"]
[EventDate "?"]
[WhiteElo "2109"]
[BlackElo "2177"]
[PlyCount "76"]

1. e4 c5 2. Nf3 e6 3. d4 cxd4 4. Nxd4 Nf6 5. Bd3 Nc6 6. Nxc6 bxc6 7. O-O e5 8. c4 Be7 9. Nc3 O-O 10. Be3 d6 11. f3 Be6 12. Qc2 Nh5 13. Qd2 Nf4 14. Bxf4 exf4 15. Kh1 Rb8 16. Rab1 Bg5 17. Rfd1 Qa5 18. Bf1 Rfd8 19. Qe1 Qe5 20. b3 Bf6 21. Rbc1 h5 22. Ne2 g6 23. Qd2 g5 24. Nd4 Rbc8 25. b4 Qxd4 26. Qxd4 Bxd4 27. Rxd4 c5 28. bxc5 dxc5 29. Rd3 Rxd3 30. Bxd3 Rd8 31. Rc3 Kg7 32. Kg1 Kf6 33. Ra3 Ke5 34. Kf2 Rb8 35. Be2 Rb2 36. Kf1 Rc2 37. Rxa7 Kd4 38. a4 Ke3 0-1

[Event "EU-ch U10"]
[Site "Herceg Novi"]
[Date "2006.09.19"]
[Round "9"]
[White "Daniil Dubov"]
[Black "Irakli Beradze"]
[Result "1-0"]
[EventDate "?"]
[WhiteElo "2175"]
[BlackElo "2080"]
[PlyCount "50"]

1. e4 c6 2. Nc3 g6 3. d4 d5 4. e5 h5 5. h3 Bf5 6. Nf3 e6 7. Be2 Be7 8. O-O Nd7 9. Be3 Qc7 10. Qd2 f6 11. Bf4 Qa5 12. exf6 Ngxf6 13. Ng5 Bb4 14. Qe3 Bxc3 15. bxc3 Ke7 16. Rfe1 Rhe8 17. Qg3 Ne4 18. Nxe4 Bxe4 19. Bxh5 Nf6 20. Bg5 Rf8 21. Qe5 Qd8 22. Bxg6 Qd6 23. Bxe4 dxe4 24. Rxe4 Rf7 25. Rae1 1-0